000 00434nam a2200169 a 4500
001 0000-9092
003 ELIB.Books
008 110520 1982
035 _a(ELIB.Books)0000-9241
082 _a220.64
_bGop
100 _aGoppelt, Leonhard
245 _aTypos
260 _bGrand Rapids: Wm .B.Eerdmans Publishing Company
_c1982
650 _aBible - Typology
942 _2ddc
_cBK
998 _cbat
_e2011-05-20
999 _c9092
_d9092